| 000 | 01078 a2200205 4500 | ||
|---|---|---|---|
| 001 | 29067 | ||
| 005 | 20260407155600.0 | ||
| 008 | 260407a1950 arg spa d | ||
| 003 | AR-UNSa-BCEJYS | ||
| 040 |
_aAR-UNSa-BCEJYS _bspa _cAR-UNSa-BCEJYS |
||
| 080 |
_a657 _xContabilidad |
||
| 245 | 1 | 0 | _aTratado de contabilidad comercial y moderna |
| 264 | 1 |
_aBuenos Aires : _bSelección Contable _c1950 |
|
| 300 |
_a2v.(373 ; 444 p.) _c23 cm. |
||
| 505 | _aTomo I: 1. Conceptos fundamentales - 2. Historia de las operaciones - 3. Libros de contabilidad - 4. Errores y omisiones - 5. Clasificación de las operaciones - 6. Operaciones a plazos - Tomo II: 7. Operacones bancarias - 8. Operaciones diversas - 9. Importación - 10. Pagos y cobros vencidos y a vencer - 11. Amortizaciones y reservas - 12. Plan general de cuentas del mayor - 13. Balance mensual de resultados - 14. Planillas y estados - 15. El balance general - 16. La preparación del balance general. | ||
| 942 | _cBK | ||
| 590 | _aniveau_biblio:m niveau_hierar:0 | ||
| 100 | 1 | _aSeoane, Jorge | |
| 700 | 1 | _aRaul, Joaquin | |
| 999 |
_c1796 _d1796 |
||